000
00264 a2200097 4500
001
31184
100
_a
The Math works Inc
245
_a
MATLAB; note book and users guide (519.402855369MAT)
260
_a
Natick MA
_b
The Math works Inc
_c
1996
090
_c
21192
_d
21192
942
_a
NUST-CAE
_c
M
_c
12439
999
_c
266257
_d
266257